Bieda straníckych nominácií

Stranícke nominácie a rôzne kauzy poškodzujú celú spoločnosť. Korene týchto neduhov - genetické dedičstvo pôvodnej straníckej nomenklatúrnej politiky ešte z čias socializmu. Minulosť a súčasnosť straníckych nominácií a jej dôsledky. Nelichotivá situácia aj pre Slovensko.

Salvato in:
Dettagli Bibliografici
Autore principale: Bracjun, Anatolij
Natura: Capitolo di libro
Lingua:slovacco
Soggetti:
Tags: Aggiungi Tag
Nessun Tag, puoi essere il primo ad aggiungerne!!

MARC

LEADER 00000naa a2200000 4500
001 0126390
005 20240502072436.4
041 0 |a slo 
044 |a SK 
245 1 0 |a Bieda straníckych nominácií  |c Anatolij Bracjun 
520 |a Stranícke nominácie a rôzne kauzy poškodzujú celú spoločnosť. Korene týchto neduhov - genetické dedičstvo pôvodnej straníckej nomenklatúrnej politiky ešte z čias socializmu. Minulosť a súčasnosť straníckych nominácií a jej dôsledky. Nelichotivá situácia aj pre Slovensko. 
610 2 0 |a politika vnútorná 
610 2 0 |a strany politické 
610 2 0 |a byrokracia 
610 2 0 |a riadenie administratívne 
610 2 0 |a Slovensko 
100 1 |a Bracjun, Anatolij